<?xml version="1.0" encoding="UTF-8"?><?xml-stylesheet type="text/xsl" href="static/style.xsl"?><OAI-PMH xmlns="http://www.openarchives.org/OAI/2.0/" xmlns:xsi="http://www.w3.org/2001/XMLSchema-instance" xsi:schemaLocation="http://www.openarchives.org/OAI/2.0/ http://www.openarchives.org/OAI/2.0/OAI-PMH.xsd"><responseDate>2026-06-07T15:52:34Z</responseDate><request verb="GetRecord" identifier="oai:docta.ucm.es:20.500.14352/109670" metadataPrefix="marc">https://docta.ucm.es/rest/oai/request</request><GetRecord><record><header><identifier>oai:docta.ucm.es:20.500.14352/109670</identifier><datestamp>2025-03-18T12:56:45Z</datestamp><setSpec>com_20.500.14352_14</setSpec><setSpec>col_20.500.14352_15</setSpec></header><metadata><record xmlns="http://www.loc.gov/MARC21/slim" xmlns:dcterms="http://purl.org/dc/terms/" xmlns:xsi="http://www.w3.org/2001/XMLSchema-instance" xmlns:doc="http://www.lyncode.com/xoai" xsi:schemaLocation="http://www.loc.gov/MARC21/slim http://www.loc.gov/standards/marcxml/schema/MARC21slim.xsd">
   <leader>00925njm 22002777a 4500</leader>
   <datafield ind2=" " ind1=" " tag="042">
      <subfield code="a">dc</subfield>
   </datafield>
   <datafield ind2=" " ind1=" " tag="720">
      <subfield code="a">Hernando Sobrino, María Rosario</subfield>
      <subfield code="e">author</subfield>
   </datafield>
   <datafield ind2=" " ind1=" " tag="720">
      <subfield code="a">García Fernández, Estela Beatriz</subfield>
      <subfield code="e">author</subfield>
   </datafield>
   <datafield ind2=" " ind1=" " tag="260">
      <subfield code="c">2020-11-19</subfield>
   </datafield>
   <datafield ind2=" " ind1=" " tag="520">
      <subfield code="a">Presentamos aquí tres inscripciones romanas, inéditas y presumiblemente procedentes del territorio  de  la  actual  provincia  de  Córdoba,  dos  de  ellas  registradas  en  el  segundo  volumen  de  la  autobiografía  de  Carlos  Castilla  del  Pino  titulada  Casa  del  Olivo.  Las  dos  primeras  son  de  carácter  funerario y, al menos la segunda, se acomoda en tipología y contenido a los parámetros usuales de la epigrafía funeraria de la antigua Colonia PatriciaCorduba; por el contrario, la tercera, fragmentada, corresponde a un epígrafe de carácter métrico</subfield>
   </datafield>
   <datafield ind2=" " ind1=" " tag="520">
      <subfield code="a">This paper shows and analyses three roman unpublished inscriptions. They come, probably, from the territory of the Córdoba province and two of them were registered by Carlos Castilla del Pino in  the  second  volume  of  his  autobiography,  entitled  Casa  del  Olivo. The first two are of a funerary nature, and in particular the typology and content of the second fits with, the usual parameters of the funerary epigraphy of the ancient Colonia Patricia Corduba. The third, a fragmentary inscription, corresponds to a metric one.</subfield>
   </datafield>
   <datafield ind1="8" ind2=" " tag="024">
      <subfield code="a">García Fernández E. y Hernando Sobrino M. R., Inscripciones latinas inéditas de Casa del Olivo, Gerión 38(2), 2020, 549-562.</subfield>
   </datafield>
   <datafield ind1="8" ind2=" " tag="024">
      <subfield code="a">0213-0181</subfield>
   </datafield>
   <datafield ind1="8" ind2=" " tag="024">
      <subfield code="a">10.5209/geri.71947</subfield>
   </datafield>
   <datafield ind1="8" ind2=" " tag="024">
      <subfield code="a">https://hdl.handle.net/20.500.14352/109670</subfield>
   </datafield>
   <datafield ind1="8" ind2=" " tag="024">
      <subfield code="a">1988-3080</subfield>
   </datafield>
   <datafield ind1="8" ind2=" " tag="024">
      <subfield code="a">https://doi.org/10.5209/geri.71948</subfield>
   </datafield>
   <datafield ind1="8" ind2=" " tag="024">
      <subfield code="a">https://revistas.ucm.es/index.php/GERI/article/view/71947/4564456554705</subfield>
   </datafield>
   <datafield ind2="0" ind1="0" tag="245">
      <subfield code="a">Inscripciones latinas inéditas de Casa del Olivo</subfield>
   </datafield>
</record></metadata></record></GetRecord></OAI-PMH>